000 00293nam a22001337a 4500
008 190205b xxu||||| |||| 00| 0 eng d
020 _a0471635492
041 _aeng
080 _a910
100 _a43
101 _aGJEO
245 _aEssentials of Ocean Science
_cStowe, K
942 _2udc
_cBK
999 _c54016
_d54016